00951nam a2200157 a 4500020001500000020001500015082001200030100002000042245001900062250001700081260002500098300002100123520056700144650001200711856007000723 a8023900716 a0879011831 a530 TIP1 aTipler, Paul A.10aPhysics :Vol.2 a2nd Edition. aNew DelhibCBSc1992 a538 p. to 1062p; aThe sixth edition offers a completely integrated text and media solution that will enable students to learn more effectively and professors to teach more efficiently. The text includes a new strategic problem-solving approach, an integrated Maths Tutorial, and new tools to improve conceptual understanding. It is also available in the following versions: "Volume 1 Mechanics/Oscillations and Waves/Thermodynamics" (Chapters 1-20), "Volume 3 Elementary Modern Physics" (Chapters 34-41), "Standard Version" (Chapters 1-33), and "Extended Version" (Chapters 1-41). aphysics40uhttp://www.amazon.com/exec/obidos/ASIN/1429201339/chopaconline-20